000 00215nam a22000857a 4500
008 160715b xxu||||| |||| 00| 0 eng d
100 _92873
_aOm Kidz
245 _a365 Stories for Girls
260 _aNew Delhi
_bOm Kidz
_c2012
999 _c2446
_d2446